Intentos de autoenuclacion y automutilación genital secundaria en un síndrome de RESLES en paciente esquizofrénico (notice n° 1748845)

détails MARC
000 -LEADER
fixed length control field 01577cam a2200301 4500500
005 - DATE AND TIME OF LATEST TRANSACTION
control field 20260322005457.0
041 ## - LANGUAGE CODE
Language code of text/sound track or separate title fre
042 ## - AUTHENTICATION CODE
Authentication code dc
100 10 - MAIN ENTRY--PERSONAL NAME
Personal name Maimouni, Mohammed
Relator term author
245 00 - TITLE STATEMENT
Title Intentos de autoenuclacion y automutilación genital secundaria en un síndrome de RESLES en paciente esquizofrénico
260 ## - PUBLICATION, DISTRIBUTION, ETC.
Date of publication, distribution, etc. 2022.<br/>
500 ## - GENERAL NOTE
General note 12
520 ## - SUMMARY, ETC.
Summary, etc. Reportamos el caso de un hombre joven hospitalizado en psiquiatría por causa de una recaída esquizofrénica quien presenta de modo reincidente crisis epilépticas tónico-clónicas concomitantes con intentos de automutilación genital y de autoenuclación en el marco de un síndrome de RESLES (reversible splenial lesion syndrome). El paciente estaba atendido con el fin de alcanzar una remisión de los síntomas esquizofrénicos y también para intentar averiguar los factores etiológicos de las crisis tónico-clónicas que provocan estas graves automutilaciones.
690 ## - LOCAL SUBJECT ADDED ENTRY--TOPICAL TERM (OCLC, RLIN)
Topical term or geographic name as entry element autoenucleación
690 ## - LOCAL SUBJECT ADDED ENTRY--TOPICAL TERM (OCLC, RLIN)
Topical term or geographic name as entry element automutilacón
690 ## - LOCAL SUBJECT ADDED ENTRY--TOPICAL TERM (OCLC, RLIN)
Topical term or geographic name as entry element crisis epiléptica
690 ## - LOCAL SUBJECT ADDED ENTRY--TOPICAL TERM (OCLC, RLIN)
Topical term or geographic name as entry element síndrome de RESLES
690 ## - LOCAL SUBJECT ADDED ENTRY--TOPICAL TERM (OCLC, RLIN)
Topical term or geographic name as entry element epileptic seizures
690 ## - LOCAL SUBJECT ADDED ENTRY--TOPICAL TERM (OCLC, RLIN)
Topical term or geographic name as entry element RESLES
690 ## - LOCAL SUBJECT ADDED ENTRY--TOPICAL TERM (OCLC, RLIN)
Topical term or geographic name as entry element self-enucleation
690 ## - LOCAL SUBJECT ADDED ENTRY--TOPICAL TERM (OCLC, RLIN)
Topical term or geographic name as entry element self-mutilation
700 10 - ADDED ENTRY--PERSONAL NAME
Personal name Moussaoui, Jihane
Relator term author
700 10 - ADDED ENTRY--PERSONAL NAME
Personal name Chlihfane, Rajae
Relator term author
700 10 - ADDED ENTRY--PERSONAL NAME
Personal name Barrimi, Mohammed
Relator term author
700 10 - ADDED ENTRY--PERSONAL NAME
Personal name Reca, Martin
Relator term author
786 0# - DATA SOURCE ENTRY
Note L’Information Psychiatrique | Volume 98 | 1 | 2022-02-09 | p. 49-51 | 0020-0204
856 41 - ELECTRONIC LOCATION AND ACCESS
Uniform Resource Identifier <a href="https://stm.cairn.info/revista-l-information-psychiatrique-2022-1-page-49?lang=es&redirect-ssocas=7080">https://stm.cairn.info/revista-l-information-psychiatrique-2022-1-page-49?lang=es&redirect-ssocas=7080</a>

Pas d'exemplaire disponible.

PLUDOC

PLUDOC est la plateforme unique et centralisée de gestion des bibliothèques physiques et numériques de Guinée administré par le CEDUST. Elle est la plus grande base de données de ressources documentaires pour les Étudiants, Enseignants chercheurs et Chercheurs de Guinée.

Adresse

627 919 101/664 919 101

25 boulevard du commerce
Kaloum, Conakry, Guinée

Réseaux sociaux

Powered by Netsen Group @ 2025